000 00758nam a2200241Ia 4500
003 OSt
005 20220923222604.0
006 a|||||r|||| 00| 0
007 ta
008 220922b |||||||| |||| 00| 0 hin d
024 _a206,285
037 _cTextual
040 _aARTS
_cARTS
_bhin
041 _2hin
_ahin
082 _aO152,6x, L1
100 _aऋृतुपण, सुरेश, संपा.
245 0 _aनिबंधायन
246 _aNibandhāyana
260 _aनर्इ्र दिल्ली
_b दिग्दर्शन जैन प्रका0
_c1982
300 _a123पृ.
_ccm.
942 _hO152,6x, L1
_cTEXL
_2CC
999 _c356942
_d356942